MARC

LEADER 00000cam a22000004a 4500
001 musev2_31353
003 MdBmJHUP
005 20230905043319.0
006 m o d
007 cr||||||||nn|n
008 161211n2011uuuuxx o 00 0 eng d
020 |a 9789629969691 
020 |z 9629964589 
020 |z 9789629964580 
020 |z 9629969696 
035 |a (OCoLC)899266300 
040 |a MdBmJHUP  |c MdBmJHUP 
100 1 |a Wang, Richard G. 
245 1 0 |a Ming Erotic Novellas :   |b Genre, Consumption, and Religiosity in Cultural Practice 
264 1 |a [S.l.] :  |b Chinese University Press. 
264 3 |a Baltimore, Md. :  |b Project MUSE,   |c 2015 
300 |a 1 online resource (336 pages):   |b ill. 
336 |a text  |b txt  |2 rdacontent 
337 |a computer  |b c  |2 rdamedia 
338 |a online resource  |b cr  |2 rdacarrier 
588 |a Description based on print version record. 
650 7 |a Erotic stories, Chinese.  |2 fast  |0 (OCoLC)fst00914974 
650 7 |a Chinese fiction  |x Ming dynasty.  |2 fast  |0 (OCoLC)fst01906858 
650 6 |a Roman chinois  |y 1368-1644 (Dynastie des Ming)  |x Histoire et critique. 
650 0 |a Chinese fiction  |y Ming dynasty, 1368-1644  |x History and criticism. 
650 0 |a Erotic stories, Chinese  |x History and criticism. 
655 7 |a Criticism, interpretation, etc.  |2 fast  |0 (OCoLC)fst01411635 
655 7 |a Electronic books.   |2 local 
710 2 |a Project Muse.  |e distributor 
830 0 |a Book collections on Project MUSE. 
856 4 0 |z Texto completo  |u https://projectmuse.uam.elogim.com/book/31353/ 
945 |a Project MUSE - Custom Collection 
945 |a Project MUSE - Archive Complete Supplement III 
945 |a Project MUSE - Archive Asian and Pacific Studies Supplement II 
945 |a Project MUSE - Archive Literature Supplement III